000 00484nam a2200181Ia 4500
005 20250603145225.0
008 250603s9999 xx 000 0 und d
020 _a978-1-59784-1351
050 _aBP 80 .F413 A3/
100 _aFaye, Maryam Kabeer
245 0 _aJourney through ten thousand veils : the alchemy of transformation on the Sufi path
260 _aNew Jersey
260 _bTyghra Books
260 _c2009
300 _a305 p
650 _aNew Jersey
942 _cBK
999 _c41235
_d41235